000
00259nam a2200097Ia 4500
008
220120s9999||||xx |||||||||||||| ||und||
100
_a
Sinha, K.C
_9
11398
245
0
_a
Text book of dynamics
260
_a
kiran Kishor Prakasana
_b
New Delhi
300
_a
774p.
_b
235
999
_c
136315
_d
136315